000
00257nam a2200097Ia 4500
001
1252058
005
20251031150927.0
008
251031s9999 xx 000 0 und d
245
0
_c
HANZADE SERVİ
_a
P-4 KARAMEL KOKULU ÖYKÜ OKULU
260
_b
TUDEM YAYINLARI
999
_c
1252058
_d
1252058